| 000 | 00313nam a2200097Ia 4500 | ||
|---|---|---|---|
| 082 | _amlyd-pbel-pmac | ||
| 245 | 0 | _aMeanwhile don't push and squeeze : a year of life in China | |
| 100 |
_a Berold, Robert Auckland Park, South Africa, 2007 _969390 |
||
| 942 | _cBK | ||
| 008 | 210817s9999 xx 000 0 und d | ||
| 999 |
_c224205 _d224203 |
||